• 首页
  • 本馆介绍
  • 公告通知
  • 最新文献
  • 馆藏检索
  • 电子资源
  • 读者导购
  • 参考咨询
  • 我的图书馆
  • 登录
  • 详细信息显示
  • 放入我的书架
  • 预约/预借图书
  • 作者相关作品
  • 分类相关作品
  • 丛书相关作品
  • 出版社相关作品

书目信息

  • 表格格式
  • 工作单格式
  • 卡片格式
题名:
情感德育论
    
 
作者: 朱小蔓 著
分册:  
出版信息: 北京   人民教育出版社  2006
页数: 271页
开本: 23cm
丛书名: 当代德育新理论丛书
单 册:
中图分类: G410
科图分类:
主题词: 情感 , 教育理论 , 情感--教育理论--研究
电子资源:
ISBN: 7-107-19141-1
000 01004nam0 2200289 450
000 01011nam0 2200289 450
000 00944nam0 2200265 450
000 00907nam0 2200253 45
005 20070727101858.44
010    @a7-107-19141-1@dCNY27.40
100    @a20070324d2006 em y0chiy0120 ea
101 0  @achi
102    @aCN@b110000
105    @ay z 000yy
200 1  @a情感德育论@AQing Gan De Yu Lun@f朱小蔓著@FZhu Xiao Man Zhu
210    @a北京@c人民教育出版社@d2006
215    @a271页@d23cm
225 2  @a当代德育新理论丛书
330    @a本书介绍了对传统与当代情感德育的本体思考,集中表达了关于传统与当代情感德育的思想与模式,与人的德性发展相关的情感研究,阐述了教育中积极情感与德性目标的实现,论述了关注道德学习主体的学校德育新视角。
410  0 @12001 @a当代德育新理论丛书
606 0  @a情感
606 0  @a教育理论
606 0  @a情感@x教育理论@x研究
690    @aG410@v4
701  0 @a朱小蔓@AZhu Xiao Man@c(女, @f1947~)@4著
801  0 @aCN@bTAOJIN@c20070727
905    @a10447@dG410@e35
    
    情感德育论/朱小蔓著.-北京:人民教育出版社,2006
    271页;23cm.-(当代德育新理论丛书)
    
    
    ISBN 7-107-19141-1:CNY27.40
    本书介绍了对传统与当代情感德育的本体思考,集中表达了关于传统与当代情感德育的思想与模式,与人的德性发展相关的情感研究,阐述了教育中积极情感与德性目标的实现,论述了关注道德学习主体的学校德育新视角。
●
相关链接 在E读中查询图书 在五车中查询图书 在当当中查询图书 在豆瓣中查询图书


正题名:情感德育论     索取号:G410/35         预约/预借

序号 登录号 条形码 馆藏地/架位号 状态 备注
1 0820625   208206252   第一样本阅览室/ [索取号:G410/35] 在馆    
2 0820626   208206261   第四借阅区/ [索取号:G410/35] 在馆    
3 0820627   208206270   第四借阅区/ [索取号:G410/35] 在馆    
4 0820628   208206289   第四借阅区/ [索取号:G410/35] 在馆    
5 0820629   208206298   第四借阅区/ [索取号:G410/35] 在馆    
唐山师范学院图书馆 欢迎您!
大连网信软件有限公司© 版权所有